000 00769nam a22002417a 4500
003 SEM
999 _c72113
_d72113
005 20220608074939.0
008 220121s1999 uk ||||gr|||||001 0 eng|d
020 _a1850758611
020 _a1850758565
040 _aSEM
_cSEM
041 _aeng
080 _a809.245-5/M-59
100 _aMerwe Christo H. J. van der; Naudé Jackie A.; Kroeze Jan H.
245 _aA biblical Hebrew reference grammar /
_cCh. H. J. van der Merwe, J. A. Naudé, J. H. Kroeze
260 _aSheffield :
_bSheffield Academic press,
_c1999.
300 _a404 p. ;
_c24 cm
490 _aBiblical language: Hebrew
_v3
504 _aGlossary p.: 351-369; Bibliography p.: 370-373; Indexes p.: 374-404
650 _aHebrew
_xgrammar
653 _aՍԷՄ
942 _2udc
_cBK